História Económica Mundial (Registo nº 200083)
[ vista simples ]
| 000 -Etiqueta do registo | |
|---|---|
| Valores | 00657nam 22001933 4500 |
| 100 ## - Dados gerais de processamento | |
| Dados gerais | 20260121d u||y0pory50 ba |
| 101 ## - Língua de publicação | |
| Língua | Português |
| 200 ## - Titulo e menção de responsabilidade | |
| Título próprio | História Económica Mundial |
| Primeira menção de responsabilidade | Valentin Vásquez de Prada |
| Outras menções de responsabilidade | Tradução de Armando Bacelar e Elisa Amado Bacelar |
| 210 ## - Publicação | |
| Local de publicação | Porto |
| Nome do editor | Livraria Civilização Editora |
| Data de publicação | 1986 |
| 215 ## - Descrição física | |
| Paginação / Volumes | 2 vols. |
| Outras indicações físicas | Brochado |
| Dimensões | 21 cm |
| 225 ## - Colecção | |
| Título próprio da colecção | Habitat |
| 606 ## - Nome comum usado como assunto | |
| ID Autoridade | 12238 |
| Palavra de ordem | Ciências Sociais |
| Subdivisão assunto | Economia Mundial |
| 675 ## - CDU | |
| Notação | 330(100)(091)/PRA/HIS |
| Edição | PT |
| Língua | por |
| 700 ## - Autor principal (pessoa individual) | |
| ID Autoridade | 15889 |
| Apelido | Prada |
| Nome | Valentin Vásquez de |
| 801 ## - Fonte de origem | |
| País | PT |
| Agência | BMMN |
| Regras de catalogação | RPC |
| 830 ## - Notas gerais do catalogador | |
| Criado por | Carlos Pinto |
| Data de criação | 21-01-2026 |
| Indexado por | Carlos Pinto |
| 990 ## - Elementos KOHA | |
| Tipo de documento | Livro |
| Situação do levantamento | Biblioteca de origem | Código de barras | Cota | Permissão de empréstimo | Tipo de documento | Nota relativa ao exemplar | Forma de aquisição |
|---|---|---|---|---|---|---|---|
| Escola Secundária de Montemor-o-Novo | 29154 | 330(100)(091)/PRA/HIS | Livro | Vol. I | Compra | ||
| Escola Secundária de Montemor-o-Novo | 29155 | 330(100)(091)/PRA/HIS | Livro | Vol. II | Compra |